[Event "Benidorm Satellite preliminary"]
[Site "playchess.com #007036"]
[Date "2009.10.24"]
[Round "1"]
[White "Ajalcaide"]
[Black "Franky Bono"]
[Result "0-1"]
[WhiteElo "1354"]
[BlackElo "2048"]
[PlyCount "80"]
[EventDate "2009.10.24"]
[EventType "swiss (blitz)"]

1. e4 {[%emt 0:00:02]} e5 {[%emt 0:00:01]} 2. Nf3 {[%emt 0:00:01]} Nc6 {[%emt
0:00:01]} 3. Bb5 {[%emt 0:00:01]} a6 {[%emt 0:00:01]} 4. Ba4 {[%emt 0:00:02]}
Nf6 {[%emt 0:00:01]} 5. Nc3 {[%emt 0:00:03]} b5 {[%emt 0:00:01]} 6. Bb3 {[%emt
0:00:01]} d6 {[%emt 0:00:03]} 7. O-O {[%emt 0:00:01]} Na5 {[%emt 0:00:02]} 8.
Re1 {[%emt 0:00:08]} Be7 {[%emt 0:00:03]} 9. d3 {[%emt 0:00:04]} O-O {[%emt 0:
00:02]} 10. Bg5 {[%emt 0:00:03]} h6 {[%emt 0:00:02]} 11. Bxf6 {[%emt 0:00:02]}
Bxf6 {[%emt 0:00:01]} 12. Qd2 {[%emt 0:00:04]} Nxb3 {[%emt 0:00:02]} 13. axb3 {
[%emt 0:00:03]} Bg4 {[%emt 0:00:05]} 14. Qe2 {[%emt 0:00:02]} g6 {[%emt 0:00:
05]} 15. h3 {[%emt 0:00:02]} Be6 {[%emt 0:00:03]} 16. Rad1 {[%emt 0:00:06]} Qd7
{[%emt 0:00:05]} 17. d4 {[%emt 0:00:01]} exd4 {[%emt 0:00:01]} 18. Nxd4 {[%emt
0:00:02]} Bg7 {[%emt 0:00:12]} 19. Nf3 {[%emt 0:00:16]} f5 {[%emt 0:00:08]} 20.
e5 {[%emt 0:00:03]} d5 {[%emt 0:00:11]} 21. Nd4 {[%emt 0:00:10]} c6 {[%emt 0:
00:08]} 22. Nxe6 {[%emt 0:00:01]} Qxe6 {[%emt 0:00:01]} 23. b4 {[%emt 0:00:12]}
Rfe8 {[%emt 0:00:02]} 24. f4 {[%emt 0:00:14]} a5 {[%emt 0:00:04]} 25. Rd3 {
[%emt 0:00:10]} axb4 {[%emt 0:00:03]} 26. Nd1 {[%emt 0:00:08]} c5 {[%emt 0:00:
05]} 27. c3 {[%emt 0:00:05]} bxc3 {[%emt 0:00:03]} 28. bxc3 {[%emt 0:00:01]} b4
{[%emt 0:00:04]} 29. cxb4 {[%emt 0:00:02]} cxb4 {[%emt 0:00:01]} 30. Rb3 {
[%emt 0:00:11]} Bf8 {[%emt 0:00:06]} 31. Ne3 {[%emt 0:00:02]} d4 {[%emt 0:00:
02]} 32. Nc2 {[%emt 0:00:06]} Qxb3 {[%emt 0:00:02]} 33. e6 {[%emt 0:00:07]} d3
{[%emt 0:00:06]} 34. Qe5 {[%emt 0:00:12]} Qxc2 {[%emt 0:00:09]} 35. e7 {[%emt
0:00:03]} Rxe7 {[%emt 0:00:02]} 36. Qd5+ {[%emt 0:00:04]} Rf7 {[%emt 0:00:13]}
37. Qxa8 {[%emt 0:00:05]} d2 {[%emt 0:00:02]} 38. Qd5 {[%emt 0:00:10]} dxe1=Q+
{[%emt 0:00:03]} 39. Kh2 {[%emt 0:00:02]} Qce4 {[%emt 0:00:04]} 40. Qxe4 {
[%emt 0:00:18]} Qxe4 {[%emt 0:00:02] Ajalcaide rinde} 0-1

[Event "Benidorm Satellite preliminary"]
[Site "playchess.com #007036"]
[Date "2009.10.24"]
[Round "1"]
[White "Theentomologist"]
[Black "AndreevSt"]
[Result "0-1"]
[WhiteElo "1271"]
[BlackElo "1963"]
[PlyCount "70"]
[EventDate "2009.10.24"]
[EventType "swiss (blitz)"]

1. e4 {[%emt 0:00:03]} c6 {[%emt 0:00:02]} 2. Nf3 {[%emt 0:00:02]} d5 {[%emt 0:
00:00]} 3. exd5 {[%emt 0:00:01]} cxd5 {[%emt 0:00:01]} 4. d4 {[%emt 0:00:01]}
Nf6 {[%emt 0:00:01]} 5. c4 {[%emt 0:00:01]} e6 {[%emt 0:00:01]} 6. Nc3 {[%emt
0:00:02]} Be7 {[%emt 0:00:01]} 7. cxd5 {[%emt 0:00:01]} Nxd5 {[%emt 0:00:01]}
8. Bb5+ {[%emt 0:00:08]} Bd7 {[%emt 0:00:06]} 9. Bxd7+ {[%emt 0:00:02]} Nxd7 {
[%emt 0:00:03]} 10. O-O {[%emt 0:00:02]} O-O {[%emt 0:00:02]} 11. Re1 {[%emt 0:
00:03]} N7f6 {[%emt 0:00:03]} 12. a3 {[%emt 0:00:04]} Rc8 {[%emt 0:00:01]} 13.
Bd2 {[%emt 0:00:02]} Nxc3 {[%emt 0:00:20]} 14. bxc3 {[%emt 0:00:02]} b5 {[%emt
0:00:03]} 15. Qb3 {[%emt 0:00:04]} a6 {[%emt 0:00:06]} 16. Rac1 {[%emt 0:00:04]
} Qd6 {[%emt 0:00:29]} 17. Ne5 {[%emt 0:00:07]} Qxa3 {[%emt 0:00:20]} 18. Qxa3
{[%emt 0:00:03]} Bxa3 {[%emt 0:00:00]} 19. Ra1 {[%emt 0:00:01]} Bb2 {[%emt 0:
00:01]} 20. Rxa6 {[%emt 0:00:02]} Bxc3 {[%emt 0:00:01]} 21. Bxc3 {[%emt 0:00:
01]} Rxc3 {[%emt 0:00:00]} 22. Rb6 {[%emt 0:00:03]} Rb3 {[%emt 0:00:04]} 23.
Nc6 {[%emt 0:00:08]} Nd5 {[%emt 0:00:07]} 24. Na5 {[%emt 0:00:03]} Rb2 {[%emt
0:00:14]} 25. Rb7 {[%emt 0:00:07]} Rc8 {[%emt 0:00:12]} 26. Rd7 {[%emt 0:00:19]
} h5 {[%emt 0:00:06]} 27. Nb7 {[%emt 0:00:02]} Rcc2 {[%emt 0:00:08]} 28. Nd6 {
[%emt 0:00:07]} Rxf2 {[%emt 0:00:05]} 29. Ne4 {[%emt 0:00:15]} Rxg2+ {[%emt 0:
00:08]} 30. Kf1 {[%emt 0:00:03]} Rxh2 {[%emt 0:00:05]} 31. Kg1 {[%emt 0:00:17]}
Rbg2+ {[%emt 0:00:10]} 32. Kf1 {[%emt 0:00:01]} Nf4 {[%emt 0:00:05]} 33. Rd8+ {
[%emt 0:00:06]} Kh7 {[%emt 0:00:03]} 34. Nf2 {[%emt 0:00:32]} Rxf2+ {[%emt 0:
00:07]} 35. Kg1 {[%emt 0:00:00]} Nh3# {[%emt 0:00:03]} 0-1

[Event "Benidorm Satellite preliminary"]
[Site "playchess.com #007036"]
[Date "2009.10.24"]
[Round "1"]
[White "Yang Guo"]
[Black "MichelS"]
[Result "1-0"]
[WhiteElo "2805"]
[BlackElo "1812"]
[PlyCount "67"]
[EventDate "2009.10.24"]
[EventType "swiss (blitz)"]

1. e4 {[%emt 0:00:04]} e5 {[%emt 0:00:01]} 2. Nf3 {[%emt 0:00:05]} Nc6 {[%emt
0:00:01]} 3. Bb5 {[%emt 0:00:00]} g6 {[%emt 0:00:02]} 4. c3 {[%emt 0:00:03]} d6
{[%emt 0:00:03]} 5. d4 {[%emt 0:00:01]} Bd7 {[%emt 0:00:01]} 6. Be3 {[%emt 0:
00:03]} Bg7 {[%emt 0:00:02]} 7. O-O {[%emt 0:00:05]} Nge7 {[%emt 0:00:05]} 8.
d5 {[%emt 0:00:09]} Nb8 {[%emt 0:00:02]} 9. Bxd7+ {[%emt 0:00:01]} Nxd7 {[%emt
0:00:01]} 10. Nfd2 {[%emt 0:00:00]} O-O {[%emt 0:00:05]} 11. c4 {[%emt 0:00:01]
} f5 {[%emt 0:00:13]} 12. f3 {[%emt 0:00:02]} f4 {[%emt 0:00:03]} 13. Bf2 {
[%emt 0:00:01]} g5 {[%emt 0:00:00]} 14. Nc3 {[%emt 0:00:01]} Ng6 {[%emt 0:00:
15]} 15. b4 {[%emt 0:00:03]} h5 {[%emt 0:00:01]} 16. c5 {[%emt 0:00:01]} Nf6 {
[%emt 0:00:01]} 17. Nc4 {[%emt 0:00:06]} g4 {[%emt 0:00:01]} 18. cxd6 {[%emt 0:
00:09]} cxd6 {[%emt 0:00:03]} 19. Nb5 {[%emt 0:00:03]} gxf3 {[%emt 0:00:08]}
20. Qxf3 {[%emt 0:00:02]} Ng4 {[%emt 0:00:24]} 21. Nbxd6 {[%emt 0:00:22]} Qg5 {
[%emt 0:00:18]} 22. Nf5 {[%emt 0:00:10]} Nxf2 {[%emt 0:00:24]} 23. Rxf2 {[%emt
0:00:02]} Rxf5 {[%emt 0:00:04]} 24. exf5 {[%emt 0:00:01]} Nh4 {[%emt 0:00:00]}
25. Qe4 {[%emt 0:00:13]} f3 {[%emt 0:00:02]} 26. g3 {[%emt 0:00:09]} Nxf5 {
[%emt 0:00:07]} 27. Rxf3 {[%emt 0:00:05]} Nd4 {[%emt 0:00:01]} 28. Rf2 {[%emt
0:00:02]} Rc8 {[%emt 0:00:12]} 29. Nd6 {[%emt 0:00:01]} Rc3 {[%emt 0:00:11]}
30. Raf1 {[%emt 0:00:03]} Re3 {[%emt 0:00:02]} 31. Qg2 {[%emt 0:00:06]} e4 {
[%emt 0:00:04]} 32. Nxe4 {[%emt 0:00:03]} Qe5 {[%emt 0:00:17]} 33. Nf6+ {[%emt
0:00:08]} Kh8 {[%emt 0:00:17]} 34. Qh3 {[%emt 0:00:05] MichelS abandonne} 1-0

[Event "Benidorm Satellite preliminary"]
[Site "playchess.com #007036"]
[Date "2009.10.24"]
[Round "1"]
[White "God of chess"]
[Black "Stellar7"]
[Result "1-0"]
[WhiteElo "1911"]
[BlackElo "1918"]
[PlyCount "57"]
[EventDate "2009.10.24"]
[EventType "swiss (blitz)"]

1. e4 {[%emt 0:00:11]} c6 {[%emt 0:00:01]} 2. c4 {[%emt 0:00:02]} d5 {[%emt 0:
00:03]} 3. cxd5 {[%emt 0:00:02]} cxd5 {[%emt 0:00:01]} 4. exd5 {[%emt 0:00:00]}
Qxd5 {[%emt 0:00:01]} 5. Nc3 {[%emt 0:00:01]} Qa5 {[%emt 0:00:01]} 6. Bb5+ {
[%emt 0:00:02]} Nc6 {[%emt 0:00:04]} 7. Qa4 {[%emt 0:00:01]} Qxa4 {[%emt 0:00:
03]} 8. Bxa4 {[%emt 0:00:00]} Bd7 {[%emt 0:00:02]} 9. Nf3 {[%emt 0:00:01]} Nf6
{[%emt 0:00:02]} 10. O-O {[%emt 0:00:01]} e6 {[%emt 0:00:01]} 11. d3 {[%emt 0:
00:01]} Bc5 {[%emt 0:00:04]} 12. Bg5 {[%emt 0:00:01]} Be7 {[%emt 0:00:02]} 13.
Bxf6 {[%emt 0:00:01]} Bxf6 {[%emt 0:00:01]} 14. Rab1 {[%emt 0:00:01]} O-O {
[%emt 0:00:02]} 15. Ne4 {[%emt 0:00:01]} Be7 {[%emt 0:00:04]} 16. d4 {[%emt 0:
00:02] God of chess offers a draw} Rfd8 {[%emt 0:00:05]} 17. Rfd1 {[%emt 0:00:
22]} Nb4 {[%emt 0:00:13]} 18. Bxd7 {[%emt 0:00:03]} Rxd7 {[%emt 0:00:02]} 19.
a3 {[%emt 0:00:01]} Nc6 {[%emt 0:00:02]} 20. b4 {[%emt 0:00:02]} Rad8 {[%emt 0:
00:04]} 21. Nc5 {[%emt 0:00:20]} Bxc5 {[%emt 0:00:10]} 22. bxc5 {[%emt 0:00:00]
} Nxd4 {[%emt 0:00:04]} 23. Nxd4 {[%emt 0:00:01]} Rxd4 {[%emt 0:00:02]} 24.
Rdc1 {[%emt 0:00:00]} Rd3 {[%emt 0:00:11]} 25. g3 {[%emt 0:00:03]} Rxa3 {[%emt
0:00:02]} 26. Rxb7 {[%emt 0:00:01]} Rc8 {[%emt 0:00:07]} 27. c6 {[%emt 0:00:01]
} Ra6 {[%emt 0:00:03]} 28. c7 {[%emt 0:00:01]} h6 {[%emt 0:00:14]} 29. Rb8 {
[%emt 0:00:04] Stellar7 resigns} 1-0

[Event "Benidorm Satellite preliminary"]
[Site "playchess.com #007036"]
[Date "2009.10.24"]
[Round "1"]
[White "Enfanterrible"]
[Black "Planescape"]
[Result "1-0"]
[WhiteElo "2540"]
[BlackElo "1717"]
[PlyCount "83"]
[EventDate "2009.10.24"]
[EventType "swiss (blitz)"]

1. d4 {[%emt 0:00:01]} Nf6 {[%emt 0:00:02]} 2. c4 {[%emt 0:00:01]} g6 {[%emt 0:
00:01]} 3. Nc3 {[%emt 0:00:01]} Bg7 {[%emt 0:00:03]} 4. e4 {[%emt 0:00:01]} d6
{[%emt 0:00:01]} 5. Nf3 {[%emt 0:00:01]} O-O {[%emt 0:00:01]} 6. Be2 {[%emt 0:
00:01]} e5 {[%emt 0:00:01]} 7. dxe5 {[%emt 0:00:01]} dxe5 {[%emt 0:00:01]} 8.
Qxd8 {[%emt 0:00:01]} Rxd8 {[%emt 0:00:01]} 9. Bg5 {[%emt 0:00:00]} Re8 {[%emt
0:00:01]} 10. O-O-O {[%emt 0:00:02]} c6 {[%emt 0:00:03]} 11. Nxe5 {[%emt 0:00:
01]} Rxe5 {[%emt 0:00:11]} 12. Rd8+ {[%emt 0:00:02]} Re8 {[%emt 0:00:01]} 13.
Bxf6 {[%emt 0:00:01]} Rxd8 {[%emt 0:00:05]} 14. Bxd8 {[%emt 0:00:01]} Bxc3 {
[%emt 0:00:02]} 15. bxc3 {[%emt 0:00:02]} Be6 {[%emt 0:00:02]} 16. Rd1 {[%emt
0:00:07]} Nd7 {[%emt 0:00:06]} 17. Be7 {[%emt 0:00:14]} Re8 {[%emt 0:00:03]}
18. Bd6 {[%emt 0:00:01]} Nb6 {[%emt 0:00:10]} 19. c5 {[%emt 0:00:01]} Nd7 {
[%emt 0:00:07]} 20. Kb2 {[%emt 0:00:04]} b6 {[%emt 0:00:03]} 21. cxb6 {[%emt 0:
00:01]} axb6 {[%emt 0:00:01]} 22. Bf3 {[%emt 0:00:08]} c5 {[%emt 0:00:03]} 23.
h3 {[%emt 0:00:10]} Ra8 {[%emt 0:00:02]} 24. a3 {[%emt 0:00:03]} Re8 {[%emt 0:
00:05]} 25. g4 {[%emt 0:00:06]} f5 {[%emt 0:00:05]} 26. gxf5 {[%emt 0:00:02]}
gxf5 {[%emt 0:00:01]} 27. e5 {[%emt 0:00:02]} Kf7 {[%emt 0:00:03]} 28. Bc6 {
[%emt 0:00:04]} Rc8 {[%emt 0:00:20]} 29. Bb5 {[%emt 0:00:11]} Nf8 {[%emt 0:00:
10]} 30. Ba6 {[%emt 0:00:11]} Rd8 {[%emt 0:00:04]} 31. Rf1 {[%emt 0:00:22]} f4
{[%emt 0:00:09]} 32. h4 {[%emt 0:00:06]} Bf5 {[%emt 0:00:05]} 33. a4 {[%emt 0:
00:15]} Ne6 {[%emt 0:00:01]} 34. Bc4 {[%emt 0:00:03]} Rg8 {[%emt 0:00:15]} 35.
Bc7 {[%emt 0:00:11]} b5 {[%emt 0:00:18]} 36. axb5 {[%emt 0:00:04]} Ke7 {[%emt
0:00:01]} 37. Bd6+ {[%emt 0:00:02]} Kd7 {[%emt 0:00:02]} 38. Bd5 {[%emt 0:00:
04]} Bd3 {[%emt 0:00:07]} 39. Bc6+ {[%emt 0:00:02]} Kc8 {[%emt 0:00:04]} 40.
Ra1 {[%emt 0:00:01]} Nc7 {[%emt 0:00:02]} 41. b6 {[%emt 0:00:01]} Rg2 {[%emt 0:
00:24]} 42. b7+ {[%emt 0:00:05] Planescape gibt auf} 1-0

[Event "Benidorm Satellite preliminary"]
[Site "playchess.com #007036"]
[Date "2009.10.24"]
[Round "1"]
[White "Jolan"]
[Black "Hardrock"]
[Result "0-1"]
[WhiteElo "1718"]
[BlackElo "2542"]
[PlyCount "64"]
[EventDate "2009.10.24"]
[EventType "swiss (blitz)"]

1. d4 {[%emt 0:00:01]} d5 {[%emt 0:00:01]} 2. c4 {[%emt 0:00:00]} c6 {[%emt 0:
00:04]} 3. Nf3 {[%emt 0:00:05]} Nf6 {[%emt 0:00:01]} 4. Qc2 {[%emt 0:00:03]}
Bg4 {[%emt 0:00:03]} 5. Ne5 {[%emt 0:00:01]} Bh5 {[%emt 0:00:07]} 6. e3 {[%emt
0:00:11]} e6 {[%emt 0:00:04]} 7. Bd3 {[%emt 0:00:03]} Nbd7 {[%emt 0:00:02]} 8.
Nxd7 {[%emt 0:00:03]} Qxd7 {[%emt 0:00:02]} 9. Nc3 {[%emt 0:00:03]} Be7 {[%emt
0:00:03]} 10. c5 {[%emt 0:00:03]} Bg6 {[%emt 0:00:05]} 11. O-O {[%emt 0:00:08]}
Bxd3 {[%emt 0:00:03]} 12. Qxd3 {[%emt 0:00:02]} O-O {[%emt 0:00:00]} 13. b4 {
[%emt 0:00:02]} b6 {[%emt 0:00:07]} 14. a4 {[%emt 0:00:11]} a5 {[%emt 0:00:14]}
15. Ba3 {[%emt 0:00:04]} axb4 {[%emt 0:00:07]} 16. Bxb4 {[%emt 0:00:02]} Rfb8 {
[%emt 0:00:09]} 17. Rfb1 {[%emt 0:00:03]} bxc5 {[%emt 0:00:09]} 18. Bxc5 {
[%emt 0:00:24]} Bxc5 {[%emt 0:00:02]} 19. dxc5 {[%emt 0:00:01]} Qa7 {[%emt 0:
00:02]} 20. Qd4 {[%emt 0:00:31]} Nd7 {[%emt 0:00:13]} 21. Rxb8+ {[%emt 0:00:07]
} Rxb8 {[%emt 0:00:04]} 22. Rb1 {[%emt 0:00:08]} Rxb1+ {[%emt 0:00:10]} 23.
Nxb1 {[%emt 0:00:01]} Qa5 {[%emt 0:00:03]} 24. Nc3 {[%emt 0:00:14]} e5 {[%emt
0:00:11]} 25. Qd3 {[%emt 0:00:20]} Nxc5 {[%emt 0:00:04]} 26. Qc2 {[%emt 0:00:
02]} d4 {[%emt 0:00:14]} 27. exd4 {[%emt 0:00:04]} exd4 {[%emt 0:00:03]} 28.
Qb1 {[%emt 0:00:36]} h5 {[%emt 0:00:03]} 29. Ne2 {[%emt 0:00:03]} Qxa4 {[%emt
0:00:10]} 30. h3 {[%emt 0:00:08]} d3 {[%emt 0:00:04]} 31. Nf4 {[%emt 0:00:01]}
Qxf4 {[%emt 0:00:04]} 32. Qd1 {[%emt 0:00:05]} g6 {[%emt 0:00:03] Jolan
abandonne} 0-1

[Event "Benidorm Satellite preliminary"]
[Site "playchess.com #007036"]
[Date "2009.10.24"]
[Round "1"]
[White "Mtudorache"]
[Black "Novoselski"]
[Result "0-1"]
[WhiteElo "1786"]
[BlackElo "2701"]
[PlyCount "66"]
[EventDate "2009.10.24"]
[EventType "swiss (blitz)"]

1. e4 {[%emt 0:00:01]} c5 {[%emt 0:00:02]} 2. Nf3 {[%emt 0:00:01]} g6 {[%emt 0:
00:01]} 3. d4 {[%emt 0:00:06]} cxd4 {[%emt 0:00:00]} 4. Nxd4 {[%emt 0:00:01]}
Bg7 {[%emt 0:00:01]} 5. c4 {[%emt 0:00:01]} Nc6 {[%emt 0:00:01]} 6. Nc2 {[%emt
0:00:02]} d6 {[%emt 0:00:04]} 7. Be2 {[%emt 0:00:11]} Nf6 {[%emt 0:00:02]} 8.
Nc3 {[%emt 0:00:01]} O-O {[%emt 0:00:01]} 9. O-O {[%emt 0:00:06]} Nd7 {[%emt 0:
00:01]} 10. Rb1 {[%emt 0:00:08]} Nc5 {[%emt 0:00:03]} 11. f3 {[%emt 0:00:06]}
a5 {[%emt 0:00:03]} 12. Na3 {[%emt 0:00:09]} f5 {[%emt 0:00:18]} 13. Nab5 {
[%emt 0:00:45]} a4 {[%emt 0:00:12]} 14. Be3 {[%emt 0:00:34]} a3 {[%emt 0:00:07]
} 15. b4 {[%emt 0:00:06]} Na6 {[%emt 0:00:04]} 16. Nd5 {[%emt 0:00:05]} Be6 {
[%emt 0:00:04]} 17. Qb3 {[%emt 0:00:21]} Bxd5 {[%emt 0:00:05]} 18. exd5 {[%emt
0:00:03]} Ncxb4 {[%emt 0:00:02]} 19. c5 {[%emt 0:00:05]} dxc5 {[%emt 0:00:11]}
20. Bxc5 {[%emt 0:00:03]} Nxc5 {[%emt 0:00:09]} 21. Qxb4 {[%emt 0:00:01]} Qb6 {
[%emt 0:00:02]} 22. Kh1 {[%emt 0:00:03]} Na6 {[%emt 0:00:11]} 23. Qb3 {[%emt 0:
00:06]} Kh8 {[%emt 0:00:05]} 24. Rfd1 {[%emt 0:00:03]} Qf6 {[%emt 0:00:07]} 25.
d6 {[%emt 0:00:08]} exd6 {[%emt 0:00:02]} 26. Rxd6 {[%emt 0:00:00]} Qh4 {[%emt
0:00:01]} 27. Rd7 {[%emt 0:00:08]} Nc5 {[%emt 0:00:05]} 28. Qd5 {[%emt 0:00:10]
} Nxd7 {[%emt 0:00:02]} 29. Qxd7 {[%emt 0:00:00]} Be5 {[%emt 0:00:04]} 30. h3 {
[%emt 0:00:20]} Qf4 {[%emt 0:00:06]} 31. Kg1 {[%emt 0:00:02]} Rad8 {[%emt 0:00:
04]} 32. Qxb7 {[%emt 0:00:04]} Rd2 {[%emt 0:00:06]} 33. Nc3 {[%emt 0:00:05]}
Bxc3 {[%emt 0:00:06] ' Tempo} 0-1

[Event "Benidorm Satellite preliminary"]
[Site "playchess.com #007036"]
[Date "2009.10.24"]
[Round "1"]
[White "Roefe"]
[Black "Thin_white_duke"]
[Result "0-1"]
[WhiteElo "1652"]
[BlackElo "2338"]
[PlyCount "79"]
[EventDate "2009.10.24"]
[EventType "swiss (blitz)"]

1. d4 {[%emt 0:00:01]} f5 {[%emt 0:00:10]} 2. c4 {[%emt 0:00:02]} Nf6 {[%emt 0:
00:03]} 3. Nf3 {[%emt 0:00:01]} g6 {[%emt 0:00:02]} 4. e3 {[%emt 0:00:01]} Bg7
{[%emt 0:00:03]} 5. b3 {[%emt 0:00:01]} O-O {[%emt 0:00:05]} 6. Bb2 {[%emt 0:
00:01]} d6 {[%emt 0:00:01]} 7. Nbd2 {[%emt 0:00:01]} Qe8 {[%emt 0:00:12]} 8.
Bd3 {[%emt 0:00:03]} Nc6 {[%emt 0:00:03]} 9. a3 {[%emt 0:00:03]} e5 {[%emt 0:
00:01]} 10. dxe5 {[%emt 0:00:09]} dxe5 {[%emt 0:00:01]} 11. Bc2 {[%emt 0:00:05]
} a5 {[%emt 0:00:04]} 12. O-O {[%emt 0:00:03]} h6 {[%emt 0:00:05]} 13. e4 {
[%emt 0:00:04]} f4 {[%emt 0:00:03]} 14. Re1 {[%emt 0:00:11]} g5 {[%emt 0:00:04]
} 15. h3 {[%emt 0:00:02]} g4 {[%emt 0:00:06]} 16. hxg4 {[%emt 0:00:01]} Bxg4 {
[%emt 0:00:01]} 17. Qe2 {[%emt 0:00:10]} Nd7 {[%emt 0:00:11]} 18. Rad1 {[%emt
0:00:05]} Nc5 {[%emt 0:00:04]} 19. Nf1 {[%emt 0:00:13]} Ne6 {[%emt 0:00:06]}
20. N1h2 {[%emt 0:00:23]} Bh5 {[%emt 0:00:01]} 21. Qd3 {[%emt 0:00:12]} Rd8 {
[%emt 0:00:08]} 22. Qc3 {[%emt 0:00:02]} Ned4 {[%emt 0:00:06]} 23. c5 {[%emt 0:
00:22]} Kh7 {[%emt 0:00:04]} 24. Rd2 {[%emt 0:00:16]} Bf6 {[%emt 0:00:04]} 25.
Bb1 {[%emt 0:00:06]} Rg8 {[%emt 0:00:04]} 26. Kf1 {[%emt 0:00:09]} Qg6 {[%emt
0:00:04]} 27. g3 {[%emt 0:00:03]} fxg3 {[%emt 0:00:04]} 28. fxg3 {[%emt 0:00:
02]} Qxg3 {[%emt 0:00:07]} 29. Rf2 {[%emt 0:00:04]} Rdf8 {[%emt 0:00:12]} 30.
Re3 {[%emt 0:00:08]} Bh4 {[%emt 0:00:04]} 31. Qd2 {[%emt 0:00:16]} Qh3+ {[%emt
0:00:12]} 32. Ke1 {[%emt 0:00:04]} Bxf3 {[%emt 0:00:08]} 33. Nxf3 {[%emt 0:00:
08]} Rxf3 {[%emt 0:00:05]} 34. Bxd4 {[%emt 0:00:15]} Rg1+ {[%emt 0:00:05]} 35.
Ke2 {[%emt 0:00:05]} Rxf2+ {[%emt 0:00:01]} 36. Kd3 {[%emt 0:00:01]} Rxd2+ {
[%emt 0:00:01]} 37. Kxd2 {[%emt 0:00:01]} Qg2+ {[%emt 0:00:08]} 38. Re2 {[%emt
0:00:03]} Nxd4 {[%emt 0:00:01]} 39. Rxg2 {[%emt 0:00:02]} Rxg2+ {[%emt 0:00:01]
} 40. Kc3 {[%emt 0:00:01] Roefe gibt auf} 0-1

[Event "Benidorm Satellite preliminary"]
[Site "playchess.com #007036"]
[Date "2009.10.24"]
[Round "1"]
[White "FlorianKull"]
[Black "Lei"]
[Result "1-0"]
[WhiteElo "2054"]
[BlackElo "1382"]
[PlyCount "68"]
[EventDate "2009.10.24"]
[EventType "swiss (blitz)"]

1. Nf3 {[%emt 0:00:02]} d5 {[%emt 0:00:01]} 2. c4 {[%emt 0:00:20]} e6 {[%emt 0:
00:07]} 3. d4 {[%emt 0:00:02]} Nf6 {[%emt 0:00:03]} 4. Nc3 {[%emt 0:00:01]} Bb4
{[%emt 0:00:02]} 5. Bg5 {[%emt 0:00:02]} h6 {[%emt 0:00:03]} 6. Bh4 {[%emt 0:
00:02]} O-O {[%emt 0:00:03]} 7. e3 {[%emt 0:00:02]} Be7 {[%emt 0:00:02]} 8. Bd3
{[%emt 0:00:02]} c6 {[%emt 0:00:01]} 9. Qc2 {[%emt 0:00:03]} Nbd7 {[%emt 0:00:
06]} 10. O-O {[%emt 0:00:02]} dxc4 {[%emt 0:00:01]} 11. Bxc4 {[%emt 0:00:02]}
a6 {[%emt 0:00:04]} 12. Bd3 {[%emt 0:00:01]} b5 {[%emt 0:00:01]} 13. a3 {[%emt
0:00:02]} Bb7 {[%emt 0:00:01]} 14. b4 {[%emt 0:00:01]} Rc8 {[%emt 0:00:07]} 15.
Rac1 {[%emt 0:00:03]} c5 {[%emt 0:00:02]} 16. dxc5 {[%emt 0:00:05]} Bxf3 {
[%emt 0:00:02]} 17. gxf3 {[%emt 0:00:01]} Bxc5 {[%emt 0:00:12]} 18. bxc5 {
[%emt 0:00:03]} Rxc5 {[%emt 0:00:04]} 19. Qd2 {[%emt 0:00:07]} Qb8 {[%emt 0:00:
10]} 20. Bg3 {[%emt 0:00:02]} Qb7 {[%emt 0:00:05]} 21. Ne4 {[%emt 0:00:02]} Rh5
{[%emt 0:00:08]} 22. Nxf6+ {[%emt 0:00:06]} Nxf6 {[%emt 0:00:05]} 23. Rc7 {
[%emt 0:00:01]} Qxf3 {[%emt 0:00:08]} 24. Qe2 {[%emt 0:00:03]} Qd5 {[%emt 0:00:
23]} 25. Rd1 {[%emt 0:00:03]} Qg5 {[%emt 0:00:17]} 26. Bb1 {[%emt 0:00:09]} Ng4
{[%emt 0:00:09]} 27. Qc2 {[%emt 0:00:08]} g6 {[%emt 0:00:35]} 28. h4 {[%emt 0:
00:02]} Rxh4 {[%emt 0:00:05]} 29. Bxh4 {[%emt 0:00:03]} Qxh4 {[%emt 0:00:30]}
30. Kf1 {[%emt 0:00:48] .} Nxe3+ {[%emt 0:00:16]} 31. fxe3 {[%emt 0:00:03]}
Qh1+ {[%emt 0:00:02]} 32. Ke2 {[%emt 0:00:01]} Qg2+ {[%emt 0:00:02]} 33. Kd3 {
[%emt 0:00:14]} Rd8+ {[%emt 0:00:02]} 34. Kc3 {[%emt 0:00:01]} Qg5 {[%emt 0:00:
08] Lei resigns} 1-0

[Event "Benidorm Satellite preliminary"]
[Site "playchess.com #007036"]
[Date "2009.10.24"]
[Round "1"]
[White "Aref__gm"]
[Black "Craigsholl66"]
[Result "1-0"]
[WhiteElo "2294"]
[BlackElo "1620"]
[PlyCount "51"]
[EventDate "2009.10.24"]
[EventType "swiss (blitz)"]

1. e4 {[%emt 0:00:01]} e6 {[%emt 0:00:02]} 2. d4 {[%emt 0:00:01]} d5 {[%emt 0:
00:01]} 3. Nd2 {[%emt 0:00:00]} Nf6 {[%emt 0:00:03]} 4. e5 {[%emt 0:00:01]}
Nfd7 {[%emt 0:00:01]} 5. Bd3 {[%emt 0:00:00]} c5 {[%emt 0:00:01]} 6. c3 {[%emt
0:00:01]} Nc6 {[%emt 0:00:01]} 7. Ngf3 {[%emt 0:00:01]} cxd4 {[%emt 0:00:02]}
8. cxd4 {[%emt 0:00:01]} Bb4 {[%emt 0:00:03]} 9. O-O {[%emt 0:00:03]} h6 {
[%emt 0:00:05]} 10. a3 {[%emt 0:00:02]} Be7 {[%emt 0:00:06]} 11. Re1 {[%emt 0:
00:01]} O-O {[%emt 0:00:02]} 12. Nf1 {[%emt 0:00:00]} Nb6 {[%emt 0:00:28]} 13.
Ng3 {[%emt 0:00:03]} Bh4 {[%emt 0:00:20]} 14. Bf4 {[%emt 0:00:14]} Bxg3 {[%emt
0:00:10]} 15. hxg3 {[%emt 0:00:07]} Ne7 {[%emt 0:00:13]} 16. Qd2 {[%emt 0:00:
03]} Nf5 {[%emt 0:00:14]} 17. g4 {[%emt 0:00:41]} Nh4 {[%emt 0:00:22]} 18. Bxh6
{[%emt 0:00:08]} Nxf3+ {[%emt 0:00:08]} 19. gxf3 {[%emt 0:00:02]} gxh6 {[%emt
0:00:26]} 20. Qxh6 {[%emt 0:00:02]} f5 {[%emt 0:00:10]} 21. exf6 {[%emt 0:00:
11]} Rxf6 {[%emt 0:00:06]} 22. Qh7+ {[%emt 0:00:24]} Kf8 {[%emt 0:00:03]} 23.
Kg2 {[%emt 0:00:27]} Rf7 {[%emt 0:00:11]} 24. Qh6+ {[%emt 0:00:06]} Kg8 {[%emt
0:00:10]} 25. Bg6 {[%emt 0:00:30] .} Rg7 {[%emt 0:00:08]} 26. Rh1 {[%emt 0:00:
02] Time} 1-0